000 01861nam a2200229Ia 4500
003 Ost
005 20260507075254.0
008 260507s9999||||xx |||||||||||||| ||und||
040 _cfsecg
041 _aara
082 _a330
100 _aعامر، باسم احمد
_eمؤلف
245 0 _aنظرية الانفاق في ضوء القرآن الكريم :
_bرؤية اقتصادية /
_c باسم احمد عامر
260 _aعمان:
_bدار النفائس,
_c2010
300 _a240 صفحة؛
_c24 سم
504 _aمراجع ص.217
520 _a1) نظرية الانفاق : مفهوم نظرية الانفاق و أركانها ، أهمية الانفاق في القرآن و دوره في الحياة الاقتصادية ، الانفاق في الفكر الوضعي ، 2) أنواع الانفاق و دلالاتها الاقتصادية في القرآن الكريم : الانفاق المحمود و المذموم و الانفاق العام و اللخاص و الانفاق الاجتماعي في القرآن الكريم ، 3)أثر الانفاق في ضوء القرآن الكريم على النشاط الاقتصادي : الانفاق و الاستهلاك ، الانفاق و الاستتثمار ، الانفاق و تخصيص الموارد ، الانفاق و الطبقات الاجتماعية و الانفاق و التنمية الاقتصادية 4) مظاهر التوازن في الانفاق في ضوء القرآن الكريم : الانفاق بين الاسراف و التقتير ، الانفاق بين الفرد و الجماعة ، الانفاق بين الدنيا و الآخرة و الانفاق بين السر و العلانية .
653 _aالإقتصاد الإسلامي
653 _aالمالية العامة
653 _aالنفقة
942 _cكتاب
999 _c43722
_d43722